Velazquez, Goya and The dehumanization of art / (Record no. 233644)

MARC details
000 -LEADER
fixed length control field 01386nam a2200373 a 4500
001 - CONTROL NUMBER
control field vtls000277621
003 - CONTROL NUMBER IDENTIFIER
control field NLI
005 - DATE AND TIME OF LATEST TRANSACTION
control field 20210602123735.0
008 - FIXED-LENGTH DATA ELEMENTS--GENERAL INFORMATION
fixed length control field 101203s1972 enka 001 0 eng
020 ## - INTERNATIONAL STANDARD BOOK NUMBER
International Standard Book Number 0289702690 :
Terms of availability PND 3.80
039 #9 - LEVEL OF BIBLIOGRAPHIC CONTROL AND CODING DETAIL [OBSOLETE]
-- 201012031810
-- VLOAD
040 0# - CATALOGING SOURCE
Original cataloging agency NLI
Language of cataloging eng
Transcribing agency VERGIS-2010
Description conventions AACR2
041 1# - LANGUAGE CODE
Language code of text/sound track or separate title eng
Language code of original spa
044 ## - COUNTRY OF PUBLISHING/PRODUCING ENTITY CODE
MARC country code enk
082 04 - DEWEY DECIMAL CLASSIFICATION NUMBER
Classification number 759.6
100 1# - MAIN ENTRY--PERSONAL NAME
Personal name Ortega y Gasset, José,
Dates associated with a name 1883-1955
9 (RLIN) 171639
240 10 - UNIFORM TITLE
Uniform title Selected works.
Language of a work English
245 10 - TITLE STATEMENT
Title Velazquez, Goya and The dehumanization of art /
Statement of responsibility, etc. translated [from the Spanish] by Alexis Brown; with an introduction by Philip Troutman ; edited by Christine Bernard
260 ## - PUBLICATION, DISTRIBUTION, ETC.
Place of publication, distribution, etc. London :
Name of publisher, distributor, etc. Studio Vista,
Date of publication, distribution, etc. 1972
300 ## - PHYSICAL DESCRIPTION
Extent 142 p. :
Other physical details ill. ;
Dimensions 25 cm.
500 ## - GENERAL NOTE
General note Translation of: Selected works
504 ## - BIBLIOGRAPHY, ETC. NOTE
Bibliography, etc. note Includes bibliographical references and index
600 10 - SUBJECT ADDED ENTRY--PERSONAL NAME
Personal name Velazquez, Diego,
Dates associated with a name 1599-1660
9 (RLIN) 422862
600 10 - SUBJECT ADDED ENTRY--PERSONAL NAME
Personal name Goya, Francisco,
Dates associated with a name 1746-1828
9 (RLIN) 265150
650 #0 - SUBJECT ADDED ENTRY--TOPICAL TERM
Topical term or geographic name entry element Art
General subdivision Philosophy
700 1# - ADDED ENTRY--PERSONAL NAME
Personal name Brown, Alexis,
Relationship trl
9 (RLIN) 422863
700 1# - ADDED ENTRY--PERSONAL NAME
Personal name Bernard, Christine,
Relationship edt
9 (RLIN) 422864
887 ## - NON-MARC INFORMATION FIELD
Content of non-MARC field
901 ## - LOCAL DATA ELEMENT A, LDA (RLIN)
a 410201
b 31.05.1974
902 ## - LOCAL DATA ELEMENT B, LDB (RLIN)
a E/O 759.6 Or 8
949 ## - LOCAL PROCESSING INFORMATION (OCLC)
-- VIRTUAITEM
-- 10000
-- 100
6 PUR000410201ENG
942 ## - ADDED ENTRY ELEMENTS (KOHA)
Source of classification or shelving scheme Dewey Decimal Classification
Koha item type Books
Holdings
Withdrawn status Lost status Damaged status Not for loan Collection code Home library Current library Shelving location Date acquired Total Checkouts Full call number Barcode Date last seen Price effective from Koha item type
        New English Oversized National Library of India National Library of India New English Oversized - Main Stack Division     E/O 759.6 Or 8 PUR000410201ENG 02/06/2021 02/06/2021 Books
                                                                           
web counter

Copyright ©2020 The National Library of India, Govt. of India ↔ Hosted by NVLI, MOC ↔ Technology and Design by National Library of India, Ministry of Culture, Govt. of India